000 00571nam a2200133Ia 4500
008 171212s9999 xx 000 0 und d
020 _a9780833031617
100 _aHamilton, Laura S.;Stecher, Brian M.;Klein, Stephen P.
245 _cHamilton, Laura S.;Stecher, Brian M.;Klein, Stephen P.
_aMaking Sense of Test-Based Accountability in Education
260 _bRAND Corporation
_c2002
650 _aEducation
650 _aEducational tests and measurements -- United States; Educational accountability -- United States
856 _uwww.jstor.org/stable/10.7249/mr1554edu
999 _c352288
_d352288